| 000 | 00391nam a22001577a 4500 | ||
|---|---|---|---|
| 003 | OSt | ||
| 005 | 20240327152200.0 | ||
| 008 | 191127b xxu||||| |||| 00| 0 eng d | ||
| 020 | _a 9789374737422 | ||
| 040 | _cIIMT UNIVERSITY | ||
| 100 | _aHAQUE, DR. S S | ||
| 245 | _aA TEXT BOOK OF BIOCHEMISTRY VOL-1 | ||
| 260 |
_aPUNJAB _bS. VIKAS & COMPANY _c2013 |
||
| 300 | _a165 | ||
| 942 |
_2ddc _c02 |
||
| 999 |
_c49345 _d49345 |
||